00843nam a2200193 i 4500001000700000003000900007005001700016007000300033008004100036100003800077245021000115260006300325300002600388650003000414700004400444852002100488999001900509952012100528112147ES-MaACL20230906185444.0t|061121q1913 sp r ||||1| spa d1 aNicolau y Sabater, José.98558910aRiegos del Alto Aragón b: (Sobrarbe, Somontano, Monegros): modificación del presupuesto según Real Orden de 1º de marzo de 1913 / cAutores: José Nicolau Sabater y Félix de los Ríos Martín. aBarcelona : b`El Annuario de la Exportación`, c[1913?] a31 p. ; c32 x 21 cm. 4aRiego-zAragón.91555791 aRíos Martín, Félix de los.997387 aES-MaACLjG-5779 c112147d112147 00104070aATENEOMbATENEOMcDEPO2d2008-01-17eSCl0oG-5779p1116980r2023-02-23 00:00:00w2023-02-23yMONOGRAFIA